000 00458nam a2200193Ia 4500
008 180207s9999 xx 000 0 und d
020 _a9781416972136
050 _bK198 2007
100 _aKatz, Karen.
245 _aPeek-a-baby :
245 _ba lift-the-flap book /
245 _cby Karen Katz.
260 _aNew York :
260 _bLittle Simon,
260 _c2007
300 _aunpaged :
300 _bcolor illustration ;
300 _c18cm.
999 _c355707
_d355707